000 00260nam a22001217a 4500
008 171228b xxu||||| |||| 00| 0 eng d
041 _aeng
080 _a94
100 _a16
101 _aHIS
245 _aAMERICA 1920 1930
_cJAMES.H.SH
942 _2udc
_cBK
999 _c39521
_d39521